[Event "British Championship"]
[Site "?"]
[Date "2011.07.30"]
[Round "6.38"]
[White "Coates, David H"]
[Black "Surtees, Mike J"]
[Result "1-0"]
[WhiteElo "2080"]
[BlackElo "2151"]
[PlyCount "61"]
[EventDate "2011.??.??"]

1. d4 c6 2. c4 f6 3. e4 e5 4. dxe5 Bb4+ 5. Bd2 Qe7 6. Bxb4 Qxb4+ 7. Qd2 Na6 8.
exf6 Nxf6 9. Nc3 O-O 10. f3 Nc5 11. O-O-O d6 12. Nge2 a5 13. Nd4 a4 14. a3 Qb6
15. Kb1 Re8 16. h3 Be6 17. g4 Bf7 18. Nf5 Rad8 19. Qd4 Bg6 20. Rg1 Bxf5 21.
gxf5 Kh8 22. Be2 Qa5 23. Qe3 Qc7 24. Qg5 Rd7 25. Qg3 b6 26. Bd3 Re5 27. Bc2 b5
28. cxb5 cxb5 29. Nxb5 Qb8 30. Nxd6 Ree7 31. Nf7+ 1-0

[Event "British Championship"]
[Site "?"]
[Date "2011.07.30"]
[Round "6.39"]
[White "De Coverly, Roger D"]
[Black "Jenks, C Bruce"]
[Result "0-1"]
[WhiteElo "2080"]
[BlackElo "2146"]
[PlyCount "70"]
[EventDate "2011.??.??"]

1. e4 c5 2. Nf3 g6 3. d4 cxd4 4. Nxd4 Bg7 5. Be3 Nc6 6. Nc3 Nf6 7. Bc4 O-O 8.
Bb3 d6 9. f3 Na5 10. Qd2 Bd7 11. h4 Rc8 12. h5 Nc4 13. Bxc4 Rxc4 14. hxg6 fxg6
15. O-O-O Qa5 16. Nb3 Qc7 17. Nd5 Nxd5 18. Qxd5+ e6 19. Qd2 Rc8 20. Na1 Ba4 21.
b3 Bxa1 22. bxc4 Qxc4 23. Qd3 Qxa2 24. Kd2 Rxc2+ 25. Ke1 Rxg2 26. Rc1 Bc6 27.
Kf1 Be5 28. Bxa7 Rb2 29. Be3 Bb5 30. Rc8+ Kg7 31. Rc7+ Kf6 32. Qxb5 Rxb5 33.
Rhxh7 Rb1+ 34. Bc1 Rxc1+ 35. Rxc1 Bg3 0-1

[Event "British Championship"]
[Site "?"]
[Date "2011.07.31"]
[Round "7.5"]
[White "Pert, Nicholas"]
[Black "Hunt, Adam C"]
[Result "1-0"]
[WhiteElo "2555"]
[BlackElo "2436"]
[PlyCount "107"]
[EventDate "2011.??.??"]

1. d4 Nf6 2. Nf3 g6 3. c4 Bg7 4. Nc3 d5 5. cxd5 Nxd5 6. e4 Nxc3 7. bxc3 c5 8.
Be3 O-O 9. Be2 b6 10. Rc1 Qc7 11. O-O Nc6 12. d5 Ne5 13. Nd2 f5 14. f4 Ng4 15.
Bxg4 fxg4 16. e5 Bf5 17. c4 g5 18. Qe2 e6 19. Rf2 Qf7 20. d6 Qg6 21. Nf1 gxf4
22. Bxf4 Bd3 23. Qe3 Rf7 24. Nd2 Raf8 25. g3 Bh6 26. Rc3 Bxf4 27. Rxf4 Rxf4 28.
gxf4 Bf5 29. Rc1 Qf7 30. Ne4 Bxe4 31. Qxe4 Qxf4 32. Qxf4 Rxf4 33. Rd1 Rf8 34.
Kg2 h5 35. h3 gxh3+ 36. Kxh3 Kg7 37. Rd3 Kg6 38. Rg3+ Kh6 39. Kg2 b5 40. cxb5
c4 41. Rf3 Rc8 42. Rf7 Rc5 43. Rf8 Rd5 44. Kf3 c3 45. Rc8 Kg6 46. Ke4 c2 47.
Rxc2 Rxb5 48. Rc8 Rd5 49. Re8 Rd2 50. Rxe6+ Kg5 51. Re8 h4 52. Rg8+ Kh5 53. Kf5
Rf2+ 54. Ke6 1-0

[Event "British Championship"]
[Site "?"]
[Date "2011.07.31"]
[Round "7.6"]
[White "Hebden, Mark L"]
[Black "Summerscale, Aaron P"]
[Result "1/2-1/2"]
[WhiteElo "2533"]
[BlackElo "2415"]
[PlyCount "129"]
[EventDate "2011.??.??"]

1. d4 d5 2. c4 e6 3. Nf3 c5 4. cxd5 exd5 5. Bg5 Be7 6. Bxe7 Nxe7 7. dxc5 Na6 8.
Qd4 Qa5+ 9. Nc3 O-O 10. e3 Be6 11. Bxa6 Qxa6 12. Qa4 Rfc8 13. Qxa6 bxa6 14. Nd4
Rxc5 15. Kd2 Nf5 16. Na4 Ra5 17. b3 Nd6 18. Rhc1 Bd7 19. Nc3 Rc8 20. f3 Be6 21.
Na4 Bd7 22. Rxc8+ Nxc8 23. Rc1 Kf8 24. Rc5 Rxc5 25. Nxc5 Ke7 26. Nxa6 Kd6 27.
Kc3 Ne7 28. Nb4 Ng6 29. g3 h5 30. h4 Ne7 31. Nd3 f6 32. Nf4 Be8 33. Nfe6 g6 34.
f4 Bd7 35. Nf8 Be8 36. b4 Nf5 37. Nfe6 Nxg3 38. Nc5 g5 39. fxg5 fxg5 40. hxg5
h4 41. Nf3 h3 42. Nh2 Bb5 43. g6 Ke7 44. a4 Nf1 45. g7 Kf7 46. Nf3 Be8 47. Ng5+
Kxg7 48. Nxh3 Nxe3 49. b5 Kf6 50. Kd4 Nc4 51. Nf4 Nb6 52. Nxd5+ Nxd5 53. Kxd5
Ke7 54. Na6 Kd7 55. Kc5 Kc8 56. Nb4 Kb7 57. a5 Bd7 58. Nd5 Be8 59. a6+ Kb8 60.
b6 Ba4 61. Ne7 Bd7 62. b7 Be8 63. Nc8 Ba4 64. Nd6 Bd1 65. Nb5 1/2-1/2

[Event "British Championship"]
[Site "?"]
[Date "2011.07.31"]
[Round "7.7"]
[White "Bates, Richard A"]
[Black "Pert, Richard G"]
[Result "1/2-1/2"]
[WhiteElo "2373"]
[BlackElo "2459"]
[PlyCount "24"]
[EventDate "2011.??.??"]

1. d4 d5 2. c4 e6 3. Nf3 Nf6 4. g3 dxc4 5. Bg2 Bb4+ 6. Bd2 c5 7. Na3 Bxa3 8.
Qa4+ Nc6 9. Qxa3 cxd4 10. Rc1 Qe7 11. Qxe7+ Kxe7 12. Rxc4 Rd8 1/2-1/2

[Event "British Championship"]
[Site "?"]
[Date "2011.07.31"]
[Round "7.8"]
[White "Adair, James R"]
[Black "Hawkins, Jonathan"]
[Result "0-1"]
[WhiteElo "2212"]
[BlackElo "2457"]
[PlyCount "62"]
[EventDate "2011.??.??"]

1. e4 e5 2. Nf3 Nc6 3. Bb5 g6 4. O-O Bg7 5. c3 a6 6. Ba4 d6 7. d4 Bd7 8. d5
Nce7 9. Bxd7+ Qxd7 10. c4 h6 11. Nc3 f5 12. Ne1 Nf6 13. f3 O-O 14. Nd3 c5 15.
Bd2 b5 16. cxb5 axb5 17. b4 c4 18. Nf2 Ra3 19. Qc2 Rfa8 20. Rfb1 Nc8 21. Bc1
R3a7 22. a4 bxa4 23. b5 a3 24. Rb4 Nb6 25. Be3 Qb7 26. Bxb6 Qxb6 27. Rxc4 fxe4
28. fxe4 Ng4 29. Rf1 Nxf2 30. Rxf2 a2 31. Nxa2 Rf8 0-1

[Event "British Championship"]
[Site "?"]
[Date "2011.07.31"]
[Round "7.10"]
[White "Ross, Chris N"]
[Black "Gormally, Daniel W"]
[Result "0-1"]
[WhiteElo "2234"]
[BlackElo "2519"]
[PlyCount "136"]
[EventDate "2011.??.??"]

1. e4 c5 2. Nf3 d6 3. Bb5+ Nd7 4. d4 Ngf6 5. Nc3 cxd4 6. Qxd4 e5 7. Qd3 h6 8.
Be3 Be7 9. O-O a6 10. Bc4 b5 11. Bd5 Rb8 12. Ba7 Nxd5 13. Nxd5 Rb7 14. Be3 Nf6
15. Nxe7 Qxe7 16. Bd2 O-O 17. Bb4 Rd8 18. Rad1 Bg4 19. Rfe1 Ne8 20. Qa3 Qe6 21.
h3 Bxf3 22. Qxf3 Nf6 23. Qb3 d5 24. exd5 Rxd5 25. Rxd5 Nxd5 26. Bc3 f6 27. a4
Qc6 28. Rd1 Rd7 29. axb5 axb5 30. Rd3 Kh7 31. Bd2 e4 32. Rd4 f5 33. c3 Kh8 34.
Qd1 Qe6 35. Qe2 Rb7 36. Bc1 Nf6 37. Bf4 Nd5 38. Bc1 Kh7 39. Qd1 Nf6 40. Bf4 Re7
41. Rd8 g5 42. Bd6 Rf7 43. Qd4 Kg6 44. Be5 Rd7 45. Rxd7 Nxd7 46. Bd6 f4 47. Bc5
h5 48. b3 e3 49. Kf1 Qf5 50. Qd6+ Nf6 51. Ke1 Qb1+ 52. Qd1 Qxd1+ 53. Kxd1 Ne4
54. Bd4 Nxf2+ 55. Ke2 Ne4 56. c4 b4 57. Kd3 Kf5 58. c5 Nf2+ 59. Ke2 Ke6 60. c6
Ne4 61. Kd3 Ng3 62. Bc5 h4 63. c7 Kd7 64. Be7 g4 65. Bxh4 Nf5 66. Bg5 f3 67.
Bxe3 Nxe3 68. gxf3 gxh3 0-1

[Event "British Championship"]
[Site "?"]
[Date "2011.07.31"]
[Round "7.11"]
[White "Khandelwal, Ankush"]
[Black "Palliser, Richard J D"]
[Result "0-1"]
[WhiteElo "2211"]
[BlackElo "2454"]
[PlyCount "58"]
[EventDate "2011.??.??"]

1. e4 c5 2. Nf3 d6 3. d4 cxd4 4. Nxd4 Nf6 5. Nc3 a6 6. Bc4 e6 7. Bb3 b5 8. Bg5
Be7 9. Qf3 Qc7 10. O-O-O Nbd7 11. Bxf6 Nxf6 12. g4 b4 13. Nce2 Nd7 14. Nf4 Nc5
15. Nh5 O-O 16. Rhg1 Bb7 17. Bd5 exd5 18. exd5 Rfe8 19. Nf5 Bg5+ 20. Kb1 Ne4
21. Nfxg7 Re5 22. h4 Rxd5 23. hxg5 Rc8 24. Qe2 Qa5 25. Nf5 Nc3+ 26. bxc3 bxc3
27. Nf6+ Kh8 28. Ka1 Qa3 29. Rb1 Ra5 0-1

[Event "British Championship"]
[Site "?"]
[Date "2011.07.31"]
[Round "7.12"]
[White "Zhou, Yang-Fan"]
[Black "Chapman, Terry P D"]
[Result "1-0"]
[WhiteElo "2444"]
[BlackElo "2242"]
[PlyCount "49"]
[EventDate "2011.??.??"]

1. e4 c6 2. d4 d5 3. e5 c5 4. c4 Nc6 5. Nf3 Bg4 6. cxd5 Bxf3 7. Qxf3 Nxd4 8.
Qd1 Qxd5 9. Bb5+ Kd8 10. O-O Qxe5 11. Nc3 Nf6 12. Re1 Qd6 13. Bd3 e5 14. Be3
Be7 15. Rc1 Rc8 16. b4 cxb4 17. Bxd4 exd4 18. Nb5 Rxc1 19. Qxc1 Qb8 20. Qc4 Ke8
21. Qxb4 Nd5 22. Qxd4 a6 23. Qxd5 axb5 24. Bxb5+ Kf8 25. Qd7 1-0

[Event "British Championship"]
[Site "?"]
[Date "2011.07.31"]
[Round "7.13"]
[White "Ledger, Andrew J"]
[Black "Shaw, Peter"]
[Result "1-0"]
[WhiteElo "2435"]
[BlackElo "2162"]
[PlyCount "161"]
[EventDate "2011.??.??"]

1. d4 d5 2. c4 c6 3. Nf3 Nf6 4. e3 Bg4 5. Qb3 Qb6 6. Nc3 e6 7. Nh4 Be7 8. h3
Bh5 9. g4 Bg6 10. Nxg6 hxg6 11. Bg2 Qa6 12. cxd5 Nxd5 13. Bd2 Nd7 14. O-O-O Qb6
15. e4 Qxb3 16. axb3 Nb4 17. Bf4 O-O-O 18. Kb1 Nb6 19. Rd2 Bd6 20. Be3 Kb8 21.
f4 Bc7 22. Rdd1 Nc8 23. Ne2 Ne7 24. Bd2 Na6 25. Bc3 Rhg8 26. Rhf1 Bd6 27. Nc1
Bb4 28. Nd3 Bxc3 29. bxc3 f6 30. Kc2 Nc7 31. Rde1 Rge8 32. Rf2 Nc8 33. Rd2 Nb5
34. Bf1 Nc7 35. Re3 Rh8 36. Rg3 Rh4 37. Bg2 Rhh8 38. Re2 Rhe8 39. e5 Re7 40.
exf6 gxf6 41. Rge3 Rde8 42. g5 f5 43. Ne5 Rg7 44. c4 Nb6 45. Kc3 Rh8 46. Nd3
Nd7 47. b4 Rgg8 48. Re1 Rd8 49. R3e2 Rh7 50. Ra1 Rh4 51. Rea2 a6 52. Rb1 Rhh8
53. Re2 Ka7 54. Rc1 Kb8 55. Kd2 Rh7 56. Ke3 Ka7 57. Rd2 Kb8 58. Rcd1 Kc8 59.
Kf2 Rhh8 60. Kg3 Rh7 61. h4 Ne8 62. Bf3 Ng7 63. b5 axb5 64. cxb5 Nh5+ 65. Bxh5
gxh5 66. bxc6 bxc6 67. Kf3 Kc7 68. Ra2 Rb8 69. Ra3 Rhh8 70. Rc1 Rb6 71. Rg1 Rg8
72. Ke3 Nf8 73. Ra8 Rb8 74. Rxb8 Kxb8 75. Ne5 Ng6 76. Nxg6 Rxg6 77. Kd3 Kc7 78.
Kc4 Kd6 79. Rg2 Kd7 80. Kc5 Kc7 81. Ra2 1-0

[Event "British Championship"]
[Site "?"]
[Date "2011.07.31"]
[Round "7.14"]
[White "Almond, Richard J"]
[Black "Ansell, Simon T"]
[Result "0-1"]
[WhiteElo "2121"]
[BlackElo "2410"]
[PlyCount "70"]
[EventDate "2011.??.??"]

1. d4 d6 2. Nf3 Bg4 3. c4 Nd7 4. Qb3 Rb8 5. h3 Bxf3 6. Qxf3 g6 7. Nc3 Bg7 8. e3
c5 9. d5 Bxc3+ 10. bxc3 Qa5 11. Bb2 Ngf6 12. Qd1 Kd8 13. Be2 Kc7 14. O-O Rbg8
15. Qb3 g5 16. Rfb1 Kb8 17. Bc1 Qc7 18. Rb2 Ka8 19. Rab1 Rb8 20. Qa4 Rhg8 21.
Rb3 a6 22. Rb5 Ka7 23. R1b3 Qc8 24. Ra3 Ne5 25. Qa5 b6 26. Qa4 h5 27. Rbb3 h4
28. Qb5 Ne8 29. Rb1 Nc7 30. Qa4 g4 31. hxg4 Nxg4 32. Bd2 h3 33. g3 h2+ 34. Kg2
Nxf2 35. Rf1 Qh3+ 0-1

[Event "British Championship"]
[Site "?"]
[Date "2011.07.31"]
[Round "7.15"]
[White "Rendle, Thomas E"]
[Black "Brown, Martin"]
[Result "1-0"]
[WhiteElo "2386"]
[BlackElo "2130"]
[PlyCount "120"]
[EventDate "2011.??.??"]

1. e4 e6 2. d4 d5 3. Nd2 Nf6 4. e5 Nfd7 5. Bd3 c5 6. c3 Nc6 7. Ngf3 g6 8. h4 h6
9. Bc2 cxd4 10. cxd4 Qb6 11. Nb3 a5 12. a4 Nb4 13. O-O Qc6 14. Bb1 b6 15. Re1
Ba6 16. Re3 Be7 17. Rc3 Qb7 18. Bf4 Rc8 19. Qd2 Nc6 20. Bxh6 Bb4 21. h5 Bxc3
22. bxc3 gxh5 23. Bg7 Rg8 24. Qh6 Nf8 25. Ng5 Nb8 26. Bh7 Nxh7 27. Qxh7 Kd7 28.
Nxf7 Kc6 29. Bh6 Bd3 30. Qxd3 Qxf7 31. f4 Kb7 32. Bg5 Qc7 33. Rb1 Ka7 34. Qh3
Qf7 35. Nd2 Nd7 36. Qd3 Nf8 37. c4 Qc7 38. Qb3 Qc6 39. cxd5 exd5 40. Ne4 Ne6
41. Nd6 Rb8 42. Qd1 Qd7 43. Rc1 h4 44. Qb3 Rgc8 45. Rxc8 Rxc8 46. Qxd5 Kb8 47.
Qb3 Rc1+ 48. Kh2 Ka7 49. Qd5 Kb8 50. f5 Nxg5 51. Qg8+ Ka7 52. Qxg5 Rc2 53. Qxh4
Qg7 54. Qh3 Kb8 55. f6 Rxg2+ 56. Qxg2 Qh6+ 57. Kg1 Qc1+ 58. Kf2 Qd2+ 59. Kf3
Qd3+ 60. Kf4 Qxd4+ 1-0

[Event "British Championship"]
[Site "?"]
[Date "2011.07.31"]
[Round "7.16"]
[White "Holland, James P"]
[Black "Buckley, Graeme N"]
[Result "0-1"]
[WhiteElo "2196"]
[BlackElo "2380"]
[PlyCount "84"]
[EventDate "2011.??.??"]

1. e4 e6 2. d4 d5 3. Nd2 h6 4. Bd3 c5 5. dxc5 Bxc5 6. Ngf3 Nf6 7. O-O Nc6 8. c3
O-O 9. Qe2 Bb6 10. Nb3 dxe4 11. Bxe4 Nxe4 12. Qxe4 e5 13. Nxe5 Qe7 14. Re1 Re8
15. Bf4 Bc7 16. Qb1 Bxe5 17. Bxe5 Nxe5 18. f4 Nf3+ 19. gxf3 Be6 20. Qe4 Qh4 21.
f5 Qg5+ 22. Qg4 Bxf5 23. Qxg5 hxg5 24. Nd4 Bd7 25. Kf2 f6 26. Re3 Rxe3 27. Kxe3
Kf7 28. Rd1 Rh8 29. Rd2 f5 30. Kd3 Kf6 31. Kc4 Ke5 32. Re2+ Kf6 33. Kc5 g6 34.
Kd6 Rh7 35. c4 f4 36. Ne6 Bc8 37. Nf8 Rf7 38. Ne6 Re7 39. Nd4 Rd7+ 40. Kc5 b6+
41. Kc6 Rxd4 42. b3 g4 0-1

[Event "British Championship"]
[Site "?"]
[Date "2011.07.31"]
[Round "7.17"]
[White "Eggleston, David J"]
[Black "MacQueen, Calum"]
[Result "1-0"]
[WhiteElo "2318"]
[BlackElo "2139"]
[PlyCount "179"]
[EventDate "2011.??.??"]

1. e4 c5 2. Nf3 Nc6 3. d4 cxd4 4. Nxd4 Nf6 5. Nc3 e5 6. Ndb5 d6 7. Bg5 a6 8.
Na3 b5 9. Nd5 Be7 10. Bxf6 Bxf6 11. c4 b4 12. Nc2 Rb8 13. b3 O-O 14. g3 Bg5 15.
h4 Bh6 16. Bh3 Be6 17. Qh5 a5 18. Bf5 Ne7 19. Nxe7+ Qxe7 20. Ne3 Bxf5 21. Nxf5
Qe6 22. Rd1 Rfd8 23. O-O Kh8 24. Nxh6 gxh6 25. Rd5 Qg6 26. Qxg6 hxg6 27. Rfd1
Rdc8 28. Rxd6 a4 29. Rd7 Kg7 30. R1d5 axb3 31. axb3 Ra8 32. Rb5 Ra1+ 33. Kg2
Re1 34. Rxb4 Rxe4 35. Rbb7 Rf8 36. c5 Re2 37. b4 Rc2 38. Rd5 e4 39. Re5 Rc4 40.
b5 Kf6 41. Rd5 Rc2 42. Kf1 e3 43. fxe3 Ra8 44. Rb6+ Ke7 45. Ra6 Rxa6 46. bxa6
Ra2 47. Rd6 Ra5 48. Rc6 Kd7 49. Rd6+ Ke7 50. Rd5 Rxa6 51. h5 Ke6 52. e4 gxh5
53. Kf2 Ra3 54. Rxh5 Rc3 55. g4 f6 56. Ke2 Rg3 57. Rxh6 Rxg4 58. Kd3 Rg1 59.
Kc4 Rb1 60. Rh8 Kd7 61. Ra8 Rc1+ 62. Kd4 Rd1+ 63. Ke3 Rc1 64. Ra5 Rf1 65. Ra6
Rc1 66. Rd6+ Ke7 67. Rd5 Ke6 68. Kd4 Ke7 69. Rh5 Kd7 70. Rh3 Kc6 71. Rf3 Rd1+
72. Ke3 Re1+ 73. Kd3 Kxc5 74. Rxf6 Rd1+ 75. Ke3 Rd6 76. Rf7 Rh6 77. Ra7 Rb6 78.
Kf4 Kd6 79. Kf5 Rb5+ 80. Kf6 Rh5 81. e5+ Kd5 82. e6 Rh6+ 83. Kf5 Rh5+ 84. Kg6
Re5 85. e7 Kd6 86. Kf7 Rf5+ 87. Ke8 Rb5 88. Ra6+ Ke5 89. Kf7 Rb7 90. Kf8 1-0

[Event "British Championship"]
[Site "?"]
[Date "2011.07.31"]
[Round "7.19"]
[White "Webb, Laurence E"]
[Black "Constantinou, Peter"]
[Result "1/2-1/2"]
[WhiteElo "2306"]
[BlackElo "2292"]
[PlyCount "106"]
[EventDate "2011.??.??"]

1. e4 d5 2. exd5 Qxd5 3. Nc3 Qa5 4. Bc4 Nf6 5. d3 c6 6. Bd2 Qb6 7. Bb3 Bf5 8.
Nge2 h5 9. Ng3 Bg4 10. f3 h4 11. Nge4 Bf5 12. Qe2 e6 13. O-O-O Na6 14. g4 hxg3
15. Nxg3 Bh3 16. Nce4 Nc5 17. Bc4 Na4 18. Bb3 Nc5 19. Nxf6+ gxf6 20. Bc3 Rh6
21. Ne4 Nd7 22. Rhg1 O-O-O 23. Rg8 Be7 24. Rg7 Rf8 25. Kb1 Bf5 26. Ng3 Bh3 27.
Ne4 Bf5 28. Ng3 Bh3 29. Ne4 Bf5 30. a4 Qc7 31. Ng3 Bh3 32. Qe3 Rh4 33. Qxa7 Qb6
34. Qxb6 Nxb6 35. Ne4 Rf4 36. Rg3 Bf5 37. Nxf6 Nxa4 38. Bd2 Rd4 39. Be3 Rb4 40.
Ne4 Nb6 41. Bd2 Rd4 42. Be3 Rb4 43. Bg5 Kd7 44. h4 Rh8 45. Rh1 Bg6 46. Rgh3 Bh5
47. Nf6+ Bxf6 48. Bxf6 Rg8 49. Bg5 Nc8 50. Re1 Rb5 51. d4 Rf5 52. Rf1 Nd6 53.
c3 Rb5 1/2-1/2

[Event "British Championship"]
[Site "?"]
[Date "2011.07.31"]
[Round "7.20"]
[White "Arnott, Jonathan W"]
[Black "Beaumont, Chris R"]
[Result "1-0"]
[WhiteElo "2183"]
[BlackElo "2313"]
[PlyCount "81"]
[EventDate "2011.??.??"]

1. e4 c5 2. Nf3 g6 3. Bc4 Bg7 4. c3 e6 5. O-O Ne7 6. d4 cxd4 7. Nxd4 d5 8. exd5
Nxd5 9. Nb5 a6 10. Bxd5 axb5 11. Bf3 Qxd1 12. Rxd1 Nc6 13. Na3 b4 14. Bxc6+
bxc6 15. cxb4 O-O 16. Nc2 Ba6 17. Nd4 Bc4 18. a3 Bd5 19. Be3 f5 20. f3 e5 21.
Ne2 Rfd8 22. Bg5 Re8 23. Nc3 e4 24. fxe4 Bxe4 25. Rd7 h6 26. Be7 Bd5 27. Nxd5
cxd5 28. Rb1 Bd4+ 29. Kf1 Rac8 30. Rxd5 Rxe7 31. Rxd4 Rc2 32. Re1 Rxe1+ 33.
Kxe1 Rxb2 34. a4 Rxg2 35. b5 Rb2 36. Rd6 Kf7 37. b6 Ke7 38. Rxg6 Kd7 39. a5 Ra2
40. b7 Kc7 41. a6 1-0

[Event "British Championship"]
[Site "?"]
[Date "2011.07.31"]
[Round "7.21"]
[White "Jones, Victor G L"]
[Black "Mason, Donald J"]
[Result "1-0"]
[WhiteElo "2153"]
[BlackElo "2237"]
[PlyCount "73"]
[EventDate "2011.??.??"]

1. Nf3 d5 2. d4 Nf6 3. c4 c6 4. Nc3 e6 5. Bg5 dxc4 6. e4 b5 7. e5 h6 8. Bh4 g5
9. exf6 gxh4 10. Ne5 Qxf6 11. g3 Nd7 12. Qe2 Bb7 13. Bg2 Bb4 14. Bxc6 Bxc3+ 15.
bxc3 Bxc6 16. Nxc6 Nb6 17. Qe4 Nd5 18. Rc1 Rg8 19. O-O h5 20. Ne5 Qf5 21. Qxf5
exf5 22. Rfe1 hxg3 23. fxg3 f4 24. Nxc4+ Kf8 25. Nd6 fxg3 26. Re5 Nf4 27. Rf1
gxh2+ 28. Kxh2 Rg2+ 29. Kh1 Rg4 30. Re4 Rd8 31. Nf5 Nd5 32. Re5 Nxc3 33. Re7
Re8 34. Rxa7 f6 35. Nh6 Rh4+ 36. Kg2 Nd5 37. Rf7# 1-0

[Event "British Championship"]
[Site "?"]
[Date "2011.07.31"]
[Round "7.22"]
[White "Gregory, Stephen J"]
[Black "Boyd, John"]
[Result "0-1"]
[WhiteElo "2109"]
[BlackElo "2200"]
[PlyCount "72"]
[EventDate "2011.??.??"]

1. e4 g6 2. d4 Bg7 3. Nf3 d6 4. c3 Nf6 5. Bd3 O-O 6. Bf4 Nh5 7. Be3 e5 8. g3
Nc6 9. Nbd2 h6 10. Qb3 Kh7 11. O-O-O b6 12. Be2 Qe8 13. d5 Ne7 14. Nh4 f5 15.
exf5 gxf5 16. f4 exf4 17. gxf4 Nf6 18. c4 b5 19. Rhg1 Bh8 20. Bd4 bxc4 21. Bxc4
Bd7 22. Rde1 Qf7 23. Ndf3 Rab8 24. Qc2 Ne4 25. Bxh8 Kxh8 26. Bd3 Qf6 27. Bxe4
fxe4 28. Rxe4 Bf5 29. Nxf5 Nxf5 30. Re6 Qf7 31. Qc3+ Kh7 32. Rg4 Rb5 33. Nd4
Rc5 34. Nxf5 Rxc3+ 35. bxc3 Qxf5 36. h3 Qxd5 0-1

[Event "British Championship"]
[Site "?"]
[Date "2011.07.31"]
[Round "7.24"]
[White "O'Toole, George E"]
[Black "Birtwistle, Nigel"]
[Result "0-1"]
[WhiteElo "2185"]
[BlackElo "2214"]
[PlyCount "114"]
[EventDate "2011.??.??"]

1. d4 Nf6 2. c4 c5 3. d5 b5 4. cxb5 a6 5. bxa6 g6 6. Nc3 Bxa6 7. Nf3 Bg7 8. g3
d6 9. Bg2 Nbd7 10. Rb1 Nb6 11. b3 Bc8 12. Nd2 Bf5 13. e4 Bc8 14. Qc2 Ba6 15.
Bf1 Qc8 16. Bb5+ Bxb5 17. Nxb5 O-O 18. O-O Qd7 19. a4 Qh3 20. f4 Ng4 21. Nf3 c4
22. Ng5 Qh5 23. h3 Nf6 24. Qf2 h6 25. g4 Nxg4 26. Qxb6 hxg5 27. hxg4 Qxg4+ 28.
Kf2 gxf4 29. Ke1 g5 30. Qf2 cxb3 31. Rg1 Qh5 32. Bb2 Qg6 33. Bxg7 Qxe4+ 34. Qe2
Qxb1+ 35. Kf2 Qg6 36. Bxf8 Kxf8 37. Rc1 Qh7 38. Qg4 b2 39. Rc8+ Rxc8 40. Qxc8+
Kg7 41. Qc3+ f6 42. Na3 Qh2+ 43. Kf1 Qh1+ 44. Kf2 b1=Q 45. Nxb1 Qxb1 46. Qc4
Qb6+ 47. Kf1 Kf7 48. Qe4 Ke8 49. Qg6+ Kd7 50. Qe4 Qe3 51. Qc4 Qc5 52. Qe4 Qc1+
53. Kg2 Qd2+ 54. Kf1 Qd1+ 55. Kf2 f3 56. Qe6+ Kd8 57. Kg3 Qe2 0-1

[Event "British Championship"]
[Site "?"]
[Date "2011.07.31"]
[Round "7.25"]
[White "Jenks, C Bruce"]
[Black "Kolbus, Dietmar"]
[Result "1-0"]
[WhiteElo "2146"]
[BlackElo "2335"]
[PlyCount "163"]
[EventDate "2011.??.??"]

1. d4 Nf6 2. Bf4 g6 3. e3 Bg7 4. Nf3 O-O 5. Be2 c5 6. c3 b6 7. O-O Bb7 8. Nbd2
d6 9. h3 Nbd7 10. a4 a6 11. Qb1 Ra7 12. e4 Nh5 13. Bh2 e5 14. Nc4 exd4 15. cxd4
d5 16. Nd6 Ba8 17. e5 Bh6 18. Ne1 Nf4 19. Bg4 cxd4 20. Nxf7 Kxf7 21. Bxf4 Bxf4
22. e6+ Kg7 23. exd7 h5 24. Bf3 Qxd7 25. Qd3 Be5 26. Nc2 Rf4 27. Rfe1 Bf6 28.
g3 Re4 29. Kg2 a5 30. Rxe4 dxe4 31. Bxe4 Qf5 32. f3 Bxe4 33. fxe4 Qc5 34. Rd1
Rc7 35. Nxd4 Bxd4 36. Qxd4+ Qxd4 37. Rxd4 Rc2+ 38. Kf3 Rxb2 39. Kf4 Kf7 40. h4
Ke6 41. Rc4 Kd6 42. Rc8 Rb4 43. Rg8 Rxa4 44. Rxg6+ Kc7 45. Rg5 Ra1 46. Rxh5 a4
47. Rh7+ Kb8 48. Rh8+ Kb7 49. Rh7+ Ka6 50. Rh8 a3 51. Ke5 b5 52. h5 Kb7 53.
Rh7+ Kb6 54. Rh8 Rh1 55. Ra8 b4 56. g4 Rh2 57. Kd4 Kb5 58. e5 a2 59. e6 b3 60.
e7 Re2 61. Kc3 Rxe7 62. Kxb3 Rg7 63. Kxa2 Rxg4 64. h6 Rh4 65. Rh8 Kc6 66. Kb3
Kb7 67. Kc3 Ka7 68. Kd3 Kb7 69. Ke3 Ka7 70. Kf3 Kb7 71. Kg3 Rh1 72. Kg4 Kc7 73.
Kg5 Rg1+ 74. Kf6 Rf1+ 75. Kg6 Rg1+ 76. Kh7 Kd6 77. Rg8 Rh1 78. Rg6+ Ke5 79. Kg7
Ra1 80. h7 Ra7+ 81. Kh6 Ra8 82. Rg8 1-0

[Event "British Championship"]
[Site "?"]
[Date "2011.07.31"]
[Round "7.26"]
[White "Jaunooby, Ali R"]
[Black "Ledger, Dave J"]
[Result "1-0"]
[WhiteElo "2130"]
[BlackElo "2277"]
[PlyCount "95"]
[EventDate "2011.??.??"]

1. d4 Nf6 2. c4 g6 3. g3 Bg7 4. Bg2 O-O 5. Nc3 d6 6. e3 e5 7. Nge2 Re8 8. h3 h5
9. Qc2 Nc6 10. d5 Nb4 11. Qd2 a5 12. e4 c6 13. a3 Na6 14. Qc2 cxd5 15. cxd5 Bd7
16. Be3 b5 17. f3 Qc7 18. Qd1 Nc5 19. Na2 b4 20. Nac1 Reb8 21. a4 b3 22. Nc3
Rb4 23. Nd3 Nxd3+ 24. Qxd3 Bc8 25. Nb5 Qc2 26. Qd2 Ba6 27. Bf1 Nxe4 28. fxe4
Qxe4 29. Bg2 Rxa4 30. Rc1 Qb4 31. Nc3 Rc8 32. Kf2 f5 33. Nxa4 Qxa4 34. Rxc8+
Bxc8 35. Rc1 Bd7 36. Bf1 f4 37. gxf4 exf4 38. Bxf4 Bxb2 39. Rc4 Qa1 40. Rc7
Bd4+ 41. Be3 Bxe3+ 42. Qxe3 b2 43. Rxd7 Qxf1+ 44. Kxf1 b1=Q+ 45. Kg2 Qc2+ 46.
Kg3 h4+ 47. Kxh4 g5+ 48. Kh5 1-0

[Event "British Championship"]
[Site "?"]
[Date "2011.07.31"]
[Round "7.27"]
[White "Harvey, Marcus R"]
[Black "Atako, Chino"]
[Result "1-0"]
[WhiteElo "2206"]
[BlackElo "2110"]
[PlyCount "97"]
[EventDate "2011.??.??"]

1. e4 c5 2. c3 e6 3. d4 d5 4. e5 Bd7 5. Nf3 a6 6. Be3 cxd4 7. Nxd4 Nc6 8. f4
Nxd4 9. Bxd4 Ne7 10. Nd2 Nf5 11. Bf2 h5 12. Nf3 Qc7 13. Qd2 Bc5 14. Bd3 g6 15.
O-O Qb6 16. Bxc5 Qxc5+ 17. Qf2 Qxf2+ 18. Kxf2 Ke7 19. g3 Bc6 20. h3 Rac8 21. g4
hxg4 22. hxg4 Ng7 23. Kg3 Rh6 24. Rh1 Rch8 25. Rxh6 Rxh6 26. Nd4 Bd7 27. a4 Kd8
28. a5 Rh8 29. Kg2 Ke7 30. Ra3 Rh4 31. Be2 Ne8 32. Rb3 Bc8 33. Bf3 f5 34. Kg3
Rh7 35. gxf5 gxf5 36. Rb6 Nc7 37. b3 Rh8 38. Kf2 Rd8 39. Ke3 Na8 40. Rb4 Rd7
41. c4 Nc7 42. Rb6 Ne8 43. Rxe6+ Kd8 44. Bxd5 Nc7 45. Rd6 Rxd6 46. exd6 Nxd5+
47. cxd5 Bd7 48. Ne6+ Ke8 49. Kd4 1-0

[Event "British Championship"]
[Site "?"]
[Date "2011.07.31"]
[Round "7.28"]
[White "Nelson, Jonathan P"]
[Black "Coates, David H"]
[Result "1-0"]
[WhiteElo "2204"]
[BlackElo "2080"]
[PlyCount "43"]
[EventDate "2011.??.??"]

1. e4 e6 2. d4 d5 3. e5 c5 4. c3 Nc6 5. Nf3 Qb6 6. Bd3 cxd4 7. cxd4 Bd7 8. O-O
Nxd4 9. Nbd2 Nc6 10. Nb3 Nge7 11. Be3 Qc7 12. Rc1 Ng6 13. Nc5 Bxc5 14. Bxc5
Ngxe5 15. Nxe5 Qxe5 16. Qb3 b6 17. Ba3 Qf4 18. Rfe1 Qg5 19. Bb5 Ne5 20. Rc7 Rd8
21. Rxe5 Qxe5 22. Bxd7+ 1-0

[Event "British Championship"]
[Site "?"]
[Date "2011.07.31"]
[Round "7.29"]
[White "Britton, Richard L"]
[Black "Rabbitte, Liam F"]
[Result "1-0"]
[WhiteElo "2203"]
[BlackElo "2034"]
[PlyCount "103"]
[EventDate "2011.??.??"]

1. e4 e6 2. d4 d5 3. Nc3 Nf6 4. Bg5 dxe4 5. Nxe4 Be7 6. Bxf6 Bxf6 7. Nf3 Nd7 8.
Qd2 b6 9. O-O-O Bb7 10. Qe3 Qe7 11. Bb5 O-O-O 12. Kb1 Qb4 13. c4 Kb8 14. a3 Qe7
15. Rhe1 a6 16. Ba4 c5 17. Bxd7 Bxe4+ 18. Qxe4 Rxd7 19. dxc5 bxc5 20. Ne5 Rxd1+
21. Rxd1 Qb7 22. Nd7+ Kc8 23. Qxb7+ Kxb7 24. Nxf6 gxf6 25. Rd7+ Kc6 26. Rxf7 f5
27. f4 h5 28. Ra7 Rg8 29. Rxa6+ Kd7 30. g3 h4 31. b4 cxb4 32. axb4 hxg3 33.
hxg3 Rxg3 34. Kc2 Rf3 35. b5 Rxf4 36. Kc3 e5 37. c5 Rf3+ 38. Kc4 Rf1 39. Kd5 e4
40. c6+ Ke7 41. Ra7+ Kf6 42. c7 Rd1+ 43. Kc6 e3 44. c8=Q Rc1+ 45. Kd7 Rxc8 46.
Kxc8 e2 47. Ra1 f4 48. b6 f3 49. b7 f2 50. b8=Q f1=Q 51. Qb6+ Kg5 52. Qb5+ 1-0

[Event "British Championship"]
[Site "?"]
[Date "2011.07.31"]
[Round "7.30"]
[White "Simons, Martin J"]
[Black "Foo, William J"]
[Result "1/2-1/2"]
[WhiteElo "2179"]
[BlackElo "1893"]
[PlyCount "78"]
[EventDate "2011.??.??"]

1. e4 c6 2. d4 d5 3. exd5 cxd5 4. Bd3 Nc6 5. c3 Nf6 6. Bf4 Bg4 7. Qb3 Qc8 8.
Nd2 e6 9. Ngf3 Be7 10. O-O Bh5 11. Ne5 Nxe5 12. Bxe5 O-O 13. Rae1 Bg6 14. Bxg6
hxg6 15. Qd1 b5 16. Re3 a5 17. h4 b4 18. g4 Nd7 19. g5 Nxe5 20. dxe5 bxc3 21.
bxc3 Rd8 22. Qg4 Bc5 23. Rh3 Kf8 24. h5 gxh5 25. Qxh5 Ke7 26. Rf3 g6 27. Qh7
Rf8 28. Rb1 Rb8 29. Rxb8 Qxb8 30. Nb3 Bb6 31. Qg7 a4 32. Nd4 Bxd4 33. cxd4 Qb1+
34. Kh2 Qxa2 35. Qf6+ Kd7 36. Rc3 Qa1 37. Rc7+ Kxc7 38. Qe7+ Kb6 39. Qc5+ Ka6
1/2-1/2